LEADER 01266nam a2200277 4500 001 000000333338 003 CaOOAMICUS 005 20210406140304.0 008 190411s1998 bl 000 u spa r 020 $a85-349-1329-3 040 $aSeMil$bita 100 1 $aSesboüé, Bernard,$c.$0(OLS)http://semarc/name/703 240 10$aN'ayez pas peur :$bregards sur l'Église et les ministères aujourd'hui.$0(OLS)http://semarc/title/427522 245 10$aNão tenham medo! :$bos ministérios na Igreja de hoje /$cBernard Sesboüé. 264 1$aSão Paulo :$bPaulus,$c1998. 300 $a188 p. ;$c19 cm 650 4$aPresbiteri - Ministero.$0(OLS)http://semarc/subject/27778 650 4$aTeologia pastorale.$0(OLS)http://semarc/subject/721 650 4$aMinistero ordinato.$0(OLS)http://semarc/subject/8558 850 $aSeMil 852 $aSeMil$W1$xVenegono$y1$m2F III 498$j212196$B225442$CSeMilBibl$Z2$F225442 $81 961 $aAntonelli don Mario - Omaggio 996 $6020$a85-349-1329-3$9(OLS)http://semarc/number/287130 996 $6245$aNão tenham medo! :$bos ministérios na Igreja de hoje$9(OLS)http://semarc/title/422761 996 $6264$aSão Paulo :$bPaulus$9(OLS)http://semarc/publisher/53309 LEADER 00917nam a2200205 i 4500 001 000000047978 003 CaOOAMICUS 005 20121108000000.0 008 121108s1890 xx u000 u lat u 013 $a19148 040 $aSeMil$bita 245 10$aCeasaris Manzoni sacerdotis ... De natura peccati deque ejus remissione disputatio. 260 $aS. Angeli Laudensis :$bEx typographia Rezzonico,$c1890. 300 $a431 p. ;$c20 cm. 650 4$aPeccato - Espiazione.$0(OLS)http://semarc/subject/10085 700 1 $aManzoni, Cesare .$0(OLS)http://semarc/name/12848 850 $aSeMil 852 $aSeMil$W1$xVenegono$y1$m2D II 53 FA$j14133$B14133$CSeMilBibl$Z2$F14133 $8I 996 $6245$aCeasaris Manzoni sacerdotis ... De natura peccati deque ejus remissione disputatio$9(OLS)http://semarc/title/72466 996 $6260$aS. Angeli Laudensis :$bEx typographia Rezzonico$9(OLS)http://semarc/publisher/40978